|
|
|
|
| LEADER |
01081nam a2200301 a 4500 |
| 001 |
c000176951 |
| 003 |
CARM |
| 005 |
19911016000000.0 |
| 008 |
780601s1977 enka b 001 0 eng |
| 010 |
|
|
|a 78304091 //r88
|
| 015 |
|
|
|a GB***
|
| 019 |
1 |
|
|a 1209273
|5 LACONCORD2021
|
| 020 |
|
|
|a 0905269012
|
| 035 |
|
|
|a (OCoLC)3897354
|5 LACONCORD2021
|
| 040 |
|
|
|a LC
|b eng
|c LC
|d D2035
|
| 050 |
0 |
0 |
|a HF5415.3
|b .F64
|
| 082 |
0 |
4 |
|a 658.8/34
|
| 100 |
1 |
|
|a Foxall, Gordon R.
|
| 245 |
1 |
0 |
|a Consumer behaviour :
|b a practical guide /
|c Gordon R. Foxall.
|
| 260 |
|
|
|a [Corbridge, Eng.] :
|b Retailing and Planning Associates,
|c [c1977]
|
| 300 |
|
|
|a 271 p. :
|b diagrs. ;
|c 21 cm.
|
| 504 |
|
|
|a Includes bibliographical references and index.
|
| 650 |
|
0 |
|a Consumer behavior.
|
| 650 |
|
0 |
|a Consumers
|x Attitudes.
|
| 650 |
|
0 |
|a Motivation research (Marketing)
|
| 852 |
8 |
|
|b CARM
|h A2:AJ16A0
|i B05174
|p 0214969
|f BK
|
| 999 |
f |
f |
|i 15015f08-30f7-5c6a-b49d-0e3eed3c0483
|s 1a7e5c10-0397-57f1-a11a-36fed50506d2
|
| 952 |
f |
f |
|p Can circulate
|a CAVAL
|b CAVAL
|c CAVAL
|d CARM 1 Store
|e B05174
|f A2:AJ16A0
|h Other scheme
|i book
|m 0214969
|